[Event "AUT-chT (Women) 1920"]
[Site "Austria"]
[Date "2019.10.13"]
[Round "3.3"]
[White "Anker, Christin"]
[Black "Tscharnuter, Alexandra"]
[Result "1-0"]
[WhiteElo "1817"]
[BlackElo "1761"]
[PlyCount "121"]
[EventDate "2019.10.11"]
[EventType "team-tourn"]
[EventRounds "9"]
[EventCountry "AUT"]
[SourceTitle "CBM 193 Extra"]
[Source "ChessBase"]
[SourceDate "2020.01.31"]
[SourceVersion "1"]
[SourceVersionDate "2020.01.31"]
[SourceQuality "1"]
[WhiteTeam "Schach ohne Grenzen (W)"]
[BlackTeam "Feffernitz (W)"]
[WhiteTeamCountry "AUT"]
[BlackTeamCountry "AUT"]

1. e4 e5 2. Nf3 Nc6 3. d4 exd4 4. Bc4 Nf6 5. e5 Ne4 6. Bd5 Nc5 7. 0-0 Be7 8. Nxd4 Nxd4 9. Qxd4 0-0 10. Nc3 c6 11. Bc4 d5 12. exd6 Qxd6 13. Be3 Qxd4 14. Bxd4 Bf5 15. Rfe1 Ne6 16. Bb3 Bg5 17. Be3 Bxe3 18. Rxe3 Rfe8 19. Rae1 Kf8 20. Ne4 Rad8 21. c3 Bg6 22. f3 Nf4 23. g3 Nd5 24. R3e2 Re7 25. Kf2 Rde8 26. Nd6 Rxe2+ 27. Rxe2 Rxe2+ 28. Kxe2 b5 29. Bxd5 cxd5 30. Nxb5 a5 31. Nc7 Bb1 32. Nxd5 Bxa2 33. Nb6 Ke7 34. Ke3 Be6 35. Kd4 Bh3 36. Nc4 Bg2 37. Ke3 Bf1 38. Nxa5 Kd6 39. Kd4 Be2 40. f4 f6 41. b4 Bf3 42. c4 Kc7 43. Kc5 g5 44. b5 h5 45. Nc6 h4 46. Nd4 Bg4 47. Kd5 hxg3 48. hxg3 gxf4 49. gxf4 Bh3 50. c5 Kd7 51. c6+ Kc7 52. Kc5 Bc8 53. b6+ Kb8 54. Nb5 f5 55. c7+ Ka8 56. Nd6 Ba6 57. c8Q+ Bxc8 58. Nxc8 Kb7 59. Nd6+ Kb8 60. Nxf5 Kb7 61. Nd6+ 1-0

[Event "AUT-chT (Women) 1819"]
[Site "Austria"]
[Date "2019.01.20"]
[Round "5.5"]
[White "Tscharnuter, Alexandra"]
[Black "Karner, Sylvia"]
[Result "0-1"]
[WhiteElo "1743"]
[BlackElo "1686"]
[PlyCount "78"]
[EventDate "2018.11.17"]
[EventType "team-swiss"]
[EventRounds "7"]
[EventCountry "AUT"]
[SourceTitle "CBM 189 Extra"]
[Source "ChessBase"]
[SourceDate "2019.06.03"]
[SourceVersion "1"]
[SourceVersionDate "2019.06.03"]
[SourceQuality "1"]
[WhiteTeam "Feffernitz (W)"]
[BlackTeam "Dornbirn (W)"]
[WhiteTeamCountry "AUT"]
[BlackTeamCountry "AUT"]

1. e4 e6 2. d4 d5 3. e5 c5 4. c3 Nc6 5. Nf3 Qb6 6. a3 Nh6 7. b4 cxd4 8. cxd4 Nf5 9. Bb2 Be7 10. Qd3 a6 11. Nbd2 Bd7 12. Be2 Na7 13. Nb3 Bb5 14. Qd2 Bxe2 15. Qxe2 Rc8 16. 0-0 0-0 17. Rac1 Nc6 18. Nc5 Rfd8 19. Rc2 a5 20. bxa5 Nxa5 21. Rfc1 Bxc5 22. Rxc5 Rxc5 23. Rxc5 Nc4 24. Bc3 Ra8 25. Qa2 Ne7 26. Bb4 Nc6 27. Qe2 Nxb4 28. axb4 Ra1+ 29. Ne1 g6 30. b5 Qa5 31. Kf1 Nd2+ 32. Kg1 Nf3+ 33. gxf3 Rxe1+ 34. Qxe1 Qxe1+ 35. Kg2 Qb4 36. Rc8+ Kg7 37. Rb8 Qxb5 38. f4 Qb1 39. f3 b5 0-1

[Event "AUT-chT (Women) 1718"]
[Site "Austria"]
[Date "2018.04.06"]
[Round "7.1"]
[White "Mayrhuber, Nikola"]
[Black "Tscharnuter, Alexandra"]
[Result "1-0"]
[WhiteElo "2069"]
[BlackElo "1719"]
[PlyCount "93"]
[EventDate "2017.11.24"]
[EventType "team-tourn"]
[EventRounds "9"]
[EventCountry "AUT"]
[SourceTitle "EXT 2019"]
[Source "ChessBase"]
[SourceDate "2018.10.10"]
[SourceVersion "1"]
[SourceVersionDate "2018.10.10"]
[SourceQuality "1"]
[WhiteTeam "Mayrhofen/Zillertal (W)"]
[BlackTeam "Feffernitz (W)"]
[WhiteTeamCountry "AUT"]
[BlackTeamCountry "AUT"]

1. d4 Nf6 2. c4 e6 3. Nf3 b6 4. g3 Ba6 5. Qa4 Bb7 6. Bg2 c6 7. 0-0 Be7 8. Nc3 d5 9. cxd5 exd5 10. Ne5 Nfd7 11. Bf4 0-0 12. Nf3 Nf6 13. Rfd1 Bd6 14. Ne5 Qc7 15. Rac1 Qe7 16. Nd3 Bxf4 17. Nxf4 Nbd7 18. Re1 b5 19. Qd1 Nb6 20. e4 dxe4 21. Nxe4 Nxe4 22. Bxe4 Qd7 23. Qd3 h6 24. Red1 Rfd8 25. Rc5 Nc4 26. Qc2 Qe8 27. b3 Na5 28. Re5 Qf8 29. Qd2 Qa3 30. Bb1 Bc8 31. Qc2 f5 32. Rc5 Qb4 33. d5 Bd7 34. dxc6 Bxc6 35. Nd5 Bxd5 36. Rcxd5 Nc6 37. Qxf5 Rxd5 38. Qxd5+ Kf8 39. Qxc6 Re8 40. Bg6 Re1+ 41. Rxe1 Qxe1+ 42. Kg2 Qe5 43. Qa8+ Ke7 44. Qxa7+ Kf6 45. Qf7+ Kg5 46. h4+ Kg4 47. Qf3# 1-0

[Event "Feffernitz op 25th"]
[Site "Feffernitz"]
[Date "2016.08.23"]
[Round "4"]
[White "Frey, Armin"]
[Black "Tscharnuter, Alexandra"]
[Result "1-0"]
[WhiteElo "1986"]
[BlackElo "1665"]
[PlyCount "93"]
[EventDate "2016.08.21"]
[EventType "swiss"]
[EventRounds "9"]
[EventCountry "AUT"]
[SourceTitle "CBM 174 Extra"]
[Source "ChessBase"]
[SourceDate "2016.10.10"]
[SourceVersion "1"]
[SourceVersionDate "2016.10.10"]
[SourceQuality "1"]

1. f4 c5 2. Nf3 b6 3. e3 Bb7 4. Be2 Nf6 5. d3 e6 6. 0-0 Be7 7. c3 0-0 8. Qe1 d5 9. Nbd2 Nbd7 10. Qh4 Ne8 11. Qh3 Nd6 12. Ne5 f5 13. Ndf3 Rf6 14. g3 Rh6 15. Qg2 Qc7 16. Nxd7 Qxd7 17. Ne5 Qc7 18. Bf3 Rd8 19. d4 Ne4 20. Bd2 Rf6 21. Rac1 b5 22. Rfd1 Rff8 23. g4 g6 24. Kh1 Rf6 25. Be1 Rd6 26. Bh4 Rf8 27. Bxe7 Qxe7 28. Bxe4 dxe4 29. dxc5 Rxd1+ 30. Rxd1 Bc8 31. gxf5 exf5 32. Rd6 Qh4 33. Qg3 Qh5 34. h4 Qe2 35. b4 Qf1+ 36. Kh2 Qe2+ 37. Qg2 Qh5 38. Kh3 Re8 39. Nd7 Kg7 40. Nf6 Qf3+ 41. Qxf3 exf3 42. Nxe8+ Kf8 43. Nf6 Bb7 44. Kg3 h6 45. c6 Bxc6 46. Rxc6 Ke7 47. Kxf3 1-0

[Event "AUT-ch U16/U18 Girls"]
[Site "St Veit"]
[Date "2015.03.31"]
[Round "4.5"]
[White "Polterauer, Chiara"]
[Black "Tscharnuter, Alexandra"]
[Result "1-0"]
[WhiteElo "1836"]
[BlackElo "1535"]
[PlyCount "85"]
[EventDate "2015.03.29"]
[EventType "swiss"]
[EventRounds "7"]
[EventCountry "AUT"]
[SourceTitle "EXT 2024"]
[Source "ChessBase"]
[SourceDate "2023.10.10"]
[SourceVersion "1"]
[SourceVersionDate "2023.10.10"]
[SourceQuality "1"]

1. e4 c5 2. Nf3 g6 3. d4 cxd4 4. Nxd4 Nf6 5. Nc3 Nc6 6. Be3 Bg7 7. Be2 0-0 8. 0-0 d5 9. exd5 Nxd5 10. Nxd5 Qxd5 11. Bf3 Qd7 12. Nxc6 bxc6 13. Qxd7 Bxd7 14. Rad1 Rfd8 15. Rxd7 Rxd7 16. Bxc6 Rad8 17. Bxd7 Rxd7 18. b3 f5 19. f4 Kf7 20. Kf2 e5 21. fxe5 Bxe5 22. c4 a6 23. Ke2 Ke6 24. h3 Bg7 25. Re1 h6 26. Kf3 Kf6 27. Bc1 Kf7 28. Ba3 Bc3 29. Re3 Bf6 30. Ke2 g5 31. Rd3 Rc7 32. Rd5 f4 33. Kf3 h5 34. h4 gxh4 35. Kxf4 Rc8 36. Rd7+ Ke8 37. Rd6 Kf7 38. Kf5 Bc3 39. Rxa6 Rg8 40. Ra7+ Ke8 41. Ra8+ Kf7 42. Rxg8 Kxg8 43. Ke6 1-0

[Event "AUT-ch (Women)"]
[Site "Feistritz an der Drau"]
[Date "2014.08.29"]
[Round "7"]
[White "Tscharnuter, Alexandra"]
[Black "Wu, Min"]
[Result "0-1"]
[WhiteElo "1559"]
[BlackElo "1829"]
[PlyCount "92"]
[EventDate "2014.08.24"]
[EventType "swiss"]
[EventRounds "9"]
[EventCountry "AUT"]
[SourceTitle "CBM 162 Extra"]
[Source "ChessBase"]
[SourceDate "2014.10.17"]
[SourceVersion "1"]
[SourceVersionDate "2014.10.17"]
[SourceQuality "1"]

1. e4 e5 2. Nf3 Nc6 3. Bb5 a6 4. Bxc6 dxc6 5. d4 exd4 6. Qxd4 Qxd4 7. Nxd4 Bd7 8. 0-0 0-0-0 9. Nd2 Ne7 10. Nc4 c5 11. Nb3 Nc6 12. c3 Be6 13. Nbd2 b5 14. Ne3 Ne5 15. Rd1 Nd3 16. Nf3 Be7 17. Ne1 Nxc1 18. Raxc1 Bxa2 19. Ra1 Rxd1 20. Nxd1 Bb3 21. Rxa6 Kb7 22. Ra1 Rd8 23. Ne3 Rd2 24. Rb1 Ba2 25. Nf3 Re2 26. Kf1 Rxe3 27. Re1 Bc4+ 28. Kg1 Rxe1+ 29. Nxe1 b4 30. f4 Kb6 31. Kf2 Kb5 32. Ke3 f6 33. h4 Ka4 34. Nf3 Kb3 35. Nd2+ Kxb2 36. cxb4 Ba6 37. Nf3 cxb4 38. Kd2 Ka2 39. Kc1 b3 40. Nd2 Bd3 41. e5 b2+ 42. Kd1 b1Q+ 43. Nxb1 Kxb1 44. e6 Bf5 45. Ke2 Bxe6 46. Ke3 c5 0-1

[Event "AUT-ch (Women)"]
[Site "Feistritz an der Drau"]
[Date "2014.08.28"]
[Round "6"]
[White "Hiebler, Laura"]
[Black "Tscharnuter, Alexandra"]
[Result "1-0"]
[WhiteElo "1901"]
[BlackElo "1559"]
[PlyCount "115"]
[EventDate "2014.08.24"]
[EventType "swiss"]
[EventRounds "9"]
[EventCountry "AUT"]
[SourceTitle "CBM 162 Extra"]
[Source "ChessBase"]
[SourceDate "2014.10.17"]
[SourceVersion "1"]
[SourceVersionDate "2014.10.17"]
[SourceQuality "1"]

1. c4 c5 2. g3 Nf6 3. Bg2 e6 4. Nf3 Be7 5. 0-0 0-0 6. Nc3 a6 7. d4 cxd4 8. Nxd4 Qc7 9. Qd3 d6 10. b3 Nc6 11. Bb2 Nxd4 12. Qxd4 Bd7 13. Rfd1 Bc6 14. e4 Rac8 15. Rac1 Rfd8 16. Kh1 Bf8 17. f4 Nd7 18. Qd2 Nc5 19. b4 Nd7 20. b5 axb5 21. cxb5 Rb8 22. bxc6 bxc6 23. a4 Qa5 24. Ba3 d5 25. Bxf8 Rxf8 26. Nxd5 Qxd2 27. Ne7+ Kh8 28. Rxd2 Nf6 29. Nxc6 Rb3 30. Ra1 Rc3 31. Ne5 g6 32. a5 Rc7 33. a6 Ra7 34. Nc6 Rc7 35. a7 Rxc6 36. a8Q Rxa8 37. Rxa8+ Kg7 38. h3 Rc3 39. Rad8 Rc4 40. e5 Ng8 41. R8d7 Kf8 42. Ra7 Nh6 43. Rdd7 Ke8 44. Rdc7 Rxc7 45. Rxc7 Kd8 46. Ra7 Ke8 47. Ra8+ Ke7 48. Rh8 Nf5 49. Kh2 Ne3 50. Rxh7 Kf8 51. Rh8+ Kg7 52. Rb8 Kh6 53. g4 Kg7 54. Rb3 Nc4 55. Bc6 Nd2 56. Rb7 Kf8 57. h4 Kg7 58. Be8 1-0

[Event "AUT-ch (Women)"]
[Site "Feistritz an der Drau"]
[Date "2014.08.26"]
[Round "4"]
[White "Steiner, Magdalena"]
[Black "Tscharnuter, Alexandra"]
[Result "1/2-1/2"]
[WhiteElo "1669"]
[BlackElo "1559"]
[PlyCount "135"]
[EventDate "2014.08.24"]
[EventType "swiss"]
[EventRounds "9"]
[EventCountry "AUT"]
[SourceTitle "CBM 162 Extra"]
[Source "ChessBase"]
[SourceDate "2014.10.17"]
[SourceVersion "1"]
[SourceVersionDate "2014.10.17"]
[SourceQuality "1"]

1. d4 c5 2. Nf3 cxd4 3. Nxd4 b6 4. Bf4 d6 5. Bg3 Bb7 6. Nc3 Nf6 7. e3 a6 8. Nf3 e6 9. Be2 Be7 10. 0-0 0-0 11. Nd2 d5 12. Bf3 Nbd7 13. Nc4 Nc5 14. Ne5 b5 15. a3 Ncd7 16. Nxd7 Nxd7 17. Ne2 Bf6 18. c3 Be5 19. Nf4 Qc7 20. Rc1 Rac8 21. Re1 Rfd8 22. Nd3 Bxg3 23. hxg3 Ne5 24. Nxe5 Qxe5 25. Qd4 Qxd4 26. cxd4 Kf8 27. Kf1 Ke7 28. Rc5 Rxc5 29. dxc5 e5 30. b4 Bc6 31. Ke2 f6 32. Kd2 Ra8 33. Kc2 g6 34. Rh1 Rh8 35. Rd1 Ke6 36. g4 Rd8 37. g3 Rd7 38. g5 f5 39. Bg2 Rd8 40. Rh1 Rd7 41. Rd1 Rf7 42. Bh3 Rf8 43. f4 e4 44. g4 fxg4 45. Bxg4+ Ke7 46. Kc3 Rh8 47. Kd4 h5 48. gxh6 Rxh6 49. Rg1 Kf6 50. Bc8 Rh2 51. Kc3 Ra2 52. Kb3 Rd2 53. Rc1 d4 54. exd4 Rxd4 55. Rc3 Bd5+ 56. Kc2 Bc4 57. c6 Rd6 58. Bd7 Ke7 59. Rh3 Rf6 60. Rh8 Be6 61. Re8+ Kd6 62. Rxe6+ Rxe6 63. Bxe6 Kxe6 64. c7 Kd7 65. c8Q+ Kxc8 66. Kd2 Kd7 67. Ke3 Kd6 68. Kxe4 1/2-1/2

[Event "AUT-ch (Women)"]
[Site "Feistritz an der Drau"]
[Date "2014.08.25"]
[Round "3"]
[White "Tscharnuter, Alexandra"]
[Black "Trippold, Denise"]
[Result "0-1"]
[WhiteElo "1559"]
[BlackElo "1842"]
[PlyCount "64"]
[EventDate "2014.08.24"]
[EventType "swiss"]
[EventRounds "9"]
[EventCountry "AUT"]
[SourceTitle "CBM 162 Extra"]
[Source "ChessBase"]
[SourceDate "2014.10.17"]
[SourceVersion "1"]
[SourceVersionDate "2014.10.17"]
[SourceQuality "1"]

1. e4 c5 2. c3 Nf6 3. e5 Nd5 4. d4 cxd4 5. cxd4 d6 6. Bc4 Nb6 7. Bb3 Nc6 8. Bf4 d5 9. Ne2 g6 10. 0-0 Bg7 11. Bg3 0-0 12. a3 Bg4 13. f3 Bf5 14. Nbc3 Na5 15. Nf4 Nxb3 16. Qxb3 g5 17. Nfe2 Qd7 18. Rfd1 Nc4 19. Bf2 Rac8 20. Qa2 Rc6 21. b3 Na5 22. Rac1 Rfc8 23. Be1 Qd8 24. Na4 Rc2 25. Rxc2 Rxc2 26. Qb1 Bg6 27. Bxa5 Qxa5 28. Rc1 Rxe2 29. Qa1 Qd2 30. Nc3 Rxg2+ 31. Kh1 Rxh2+ 32. Kg1 Qg2# 0-1

[Event "AUT-ch (Women)"]
[Site "Feistritz an der Drau"]
[Date "2014.08.24"]
[Round "1"]
[White "Horvath, Reka"]
[Black "Tscharnuter, Alexandra"]
[Result "1-0"]
[WhiteElo "2038"]
[BlackElo "1559"]
[PlyCount "81"]
[EventDate "2014.08.24"]
[EventType "swiss"]
[EventRounds "9"]
[EventCountry "AUT"]
[SourceTitle "CBM 162 Extra"]
[Source "ChessBase"]
[SourceDate "2014.10.17"]
[SourceVersion "1"]
[SourceVersionDate "2014.10.17"]
[SourceQuality "1"]

1. Nf3 c5 2. g3 b6 3. Bg2 Bb7 4. 0-0 Nf6 5. c4 e6 6. Nc3 Be7 7. d4 cxd4 8. Nb5 a6 9. Nbxd4 0-0 10. Qa4 Qc7 11. Rd1 Nc6 12. a3 Ne4 13. Qc2 Na5 14. b3 Rac8 15. Bf4 d6 16. Be3 b5 17. Rac1 Qd7 18. Qb1 Nf6 19. cxb5 axb5 20. Qd3 Be4 21. Qd2 Nb7 22. Qb4 Nd5 23. Qxb5 Qxb5 24. Nxb5 Bf6 25. Bd4 Na5 26. Rxc8 Rxc8 27. Nxd6 Rc2 28. Nxe4 Be7 29. b4 Nc4 30. Bc5 Bxc5 31. Nxc5 Nxa3 32. e4 g6 33. exd5 exd5 34. Nd4 Rb2 35. Ndb3 Re2 36. b5 Nxb5 37. Bf1 Re8 38. Bxb5 Rd8 39. Bc6 d4 40. Rxd4 Rxd4 41. Nxd4 1-0

[Event "AUT-ch U16 Girls"]
[Site "Woerth"]
[Date "2014.04.14"]
[Round "3"]
[White "Tscharnuter, Alexandra"]
[Black "Trenkwalder, Verena"]
[Result "1/2-1/2"]
[WhiteElo "1599"]
[BlackElo "1512"]
[PlyCount "47"]
[EventDate "2014.04.13"]
[EventType "swiss"]
[EventRounds "7"]
[EventCountry "AUT"]
[SourceTitle "EXT 2015"]
[Source "ChessBase"]
[SourceDate "2014.11.20"]
[SourceVersion "1"]
[SourceVersionDate "2014.11.20"]
[SourceQuality "1"]

1. e4 c5 2. c3 d5 3. exd5 Qxd5 4. d4 Nf6 5. Nf3 e6 6. Na3 a6 7. Nc4 Nbd7 8. Be2 cxd4 9. cxd4 Bb4+ 10. Bd2 Bxd2+ 11. Qxd2 0-0 12. 0-0 b5 13. Nce5 Bb7 14. Qb4 Rfe8 15. b3 Bc6 16. Rac1 Rac8 17. Rfd1 Ne4 18. Bd3 Ng5 19. Be2 Ne4 20. Bd3 Ng5 21. Be2 Ne4 22. Bd3 Ng5 23. Be2 Ne4 24. Bd3 1/2-1/2

[Event "AUT-ch U14 Girls"]
[Site "Linz"]
[Date "2013.05.19"]
[Round "3"]
[White "Kraft, Lena"]
[Black "Tscharnuter, Alexandra"]
[Result "1/2-1/2"]
[WhiteElo "1355"]
[BlackElo "1387"]
[PlyCount "96"]
[EventDate "2013.05.18"]
[EventType "swiss"]
[EventRounds "7"]
[EventCountry "AUT"]
[SourceTitle "EXT 2015"]
[Source "ChessBase"]
[SourceDate "2014.11.20"]
[SourceVersion "1"]
[SourceVersionDate "2014.11.20"]
[SourceQuality "1"]

1. e4 c5 2. Nf3 b6 3. c4 Bb7 4. Nc3 e6 5. d4 cxd4 6. Nxd4 d6 7. g3 Nf6 8. Bg2 Be7 9. 0-0 0-0 10. Re1 a6 11. e5 Bxg2 12. exf6 Bxf6 13. Kxg2 Qc7 14. Qd3 Nd7 15. Ne4 Be7 16. Bg5 Ne5 17. Qc2 Bxg5 18. Nxg5 g6 19. Rac1 Qc5 20. Qc3 h6 21. Ne4 Qc7 22. b4 Qe7 23. f4 f5 24. Nxd6 Qxd6 25. Rxe5 Rfe8 26. Rce1 Kf7 27. c5 bxc5 28. Qxc5 Qd7 29. Qc4 Rac8 30. Qd3 Qb7+ 31. Kh3 Qxb4 32. Rxe6 Rxe6 33. Rxe6 Re8 34. Rxe8 Kxe8 35. Nxf5 gxf5 36. Qxf5 Qd2 37. Qh5+ Ke7 38. Qxh6 Qxa2 39. Kg4 a5 40. h4 a4 41. Qg5+ Kf7 42. h5 a3 43. h6 Qe6+ 44. Kh5 Qh3+ 45. Qh4 Qf5+ 46. Qg5 Qh3+ 47. Qh4 Qf5+ 48. Qg5 Qh3+ 1/2-1/2

[Event "AUT-ch U14 Girls"]
[Site "Tschagguns"]
[Date "2012.05.28"]
[Round "6"]
[White "Fuerst, Gloria"]
[Black "Tscharnuter, Alexandra"]
[Result "0-1"]
[WhiteElo "998"]
[BlackElo "1388"]
[PlyCount "52"]
[EventDate "2012.05.26"]
[EventType "swiss"]
[EventRounds "7"]
[EventCountry "AUT"]
[SourceTitle "CBM 148 Extra"]
[Source "ChessBase"]
[SourceDate "2012.06.22"]
[SourceVersion "1"]
[SourceVersionDate "2012.06.22"]
[SourceQuality "1"]

1. e4 e6 2. d4 d5 3. exd5 exd5 4. Be2 Bd6 5. Nf3 Nc6 6. 0-0 Bg4 7. Bg5 f6 8. Be3 Qd7 9. Nc3 Nge7 10. h3 Bh5 11. Qd2 0-0-0 12. Rfe1 g5 13. Nh2 Bf7 14. Bg4 f5 15. Be2 f4 16. Bg4 Be6 17. Be2 fxe3 18. Qxe3 Rdg8 19. Rad1 a6 20. a3 h5 21. f3 Nf5 22. Qf2 g4 23. fxg4 Bxh2+ 24. Kxh2 hxg4 25. Bxg4 Rxg4 26. Kg1 Rxh3 0-1

[Event "AUT-ch U12 Girls"]
[Site "Altenmark"]
[Date "2011.06.12"]
[Round "3"]
[White "Tscharnuter, Alexandra"]
[Black "Mayrhuber, Nikola"]
[Result "0-1"]
[WhiteElo "1321"]
[BlackElo "1292"]
[PlyCount "56"]
[EventDate "2011.06.11"]
[EventType "swiss"]
[EventRounds "7"]
[EventCountry "AUT"]
[SourceTitle "EXT 2013"]
[Source "ChessBase"]
[SourceDate "2012.11.22"]
[SourceVersion "1"]
[SourceVersionDate "2012.11.22"]
[SourceQuality "1"]

1. e4 e5 2. d4 d6 3. Bc4 exd4 4. Qxd4 Be6 5. Bd3 Nc6 6. Qe3 d5 7. exd5 Qxd5 8. Be4 Qd7 9. Nc3 Nf6 10. Bf3 Bd6 11. Bd2 0-0 12. 0-0-0 Rad8 13. Nge2 Rfe8 14. Bxc6 Qxc6 15. Qf3 Qa6 16. Kb1 Bxa2+ 17. Nxa2 Rxe2 18. Rhe1 Rde8 19. Rxe2 Rxe2 20. Qf5 Qb6 21. Be3 Qc6 22. g3 Qe4 23. Qxe4 Nxe4 24. Rf1 Rxe3 25. Rd1 Nxf2 26. Rf1 Ne4 27. Nc1 Nd2+ 28. Ka2 Nxf1 0-1

[Event "AUT-ch U08/10"]
[Site "Schwarzach"]
[Date "2008.06.07"]
[Round "6"]
[White "Pilsan, Martha"]
[Black "Tscharnuter, Alexandra"]
[Result "0-1"]
[WhiteElo "1200"]
[BlackElo "1322"]
[PlyCount "74"]
[EventDate "2008.06.06"]
[EventType "swiss"]
[EventRounds "7"]
[EventCountry "AUT"]
[SourceTitle "EXT 2009"]
[Source "ChessBase"]
[SourceDate "2008.11.26"]
[SourceVersion "1"]
[SourceVersionDate "2008.11.26"]
[SourceQuality "1"]

1. e4 e5 2. Nf3 Nc6 3. d4 Nf6 4. Nc3 d6 5. Bg5 Be7 6. Bc4 0-0 7. Qd2 Bg4 8. Be3 Bxf3 9. gxf3 h6 10. 0-0-0 a6 11. f4 exd4 12. Bxd4 Nxd4 13. Qxd4 Qc8 14. e5 Ng4 15. f3 c5 16. Qd5 Nf2 17. Bd3 Nxh1 18. Rxh1 Qe6 19. Qxb7 Rfb8 20. Qe4 g6 21. Bc4 Qf5 22. Qd5 Qxf4+ 23. Kd1 Rxb2 24. e6 Qd4+ 25. Qxd4 cxd4 26. exf7+ Kf8 27. Ne2 Rb1+ 28. Kd2 Rxh1 29. Nxd4 Rxh2+ 30. Ke3 h5 31. Ne2 Rc8 32. Kd4 h4 33. f4 h3 34. Ng3 Rxc2 35. Bd5 h2 36. a4 Bh4 37. Ne4 h1Q 0-1